Zpracování dat

Gespeichert in:
Bibliographische Detailangaben
1. Verfasser: Benáčanová, Helena
Körperschaft: Vysoká škola ekonomická v Praze. Fakulta řízení
Weitere Verfasser: Pour, Jan
Format: Buch
Sprache:Tschechisch
Veröffentlicht: Praha Státní pedagogické nakladatelství 1985
Ausgabe:2. přeprac. vyd.
Tags: Tag hinzufügen
Keine Tags, Fügen Sie das erste Tag hinzu!

MARC

LEADER 00000nam a2200000 4500
001 c105782
005 20190425092034.1
041 0 |a cze 
044 |a CZ 
245 1 0 |a Zpracování dat  |c Helena Benáčanová, Jan Pour 
250 |a 2. přeprac. vyd. 
264 1 |a Praha  |b Státní pedagogické nakladatelství  |c 1985 
300 |a 281 s. 
100 1 |a Benáčanová, Helena 
700 1 |a Pour, Jan 
710 2 |a Vysoká škola ekonomická v Praze. Fakulta řízení